Normal view
MARC view
Entry Personal Name
001 - CONTROL NUMBER
- control field: 51845
003 - CONTROL NUMBER IDENTIFIER
- control field: OSt
005 - DATE AND TIME OF LATEST TRANSACTION
- control field: 20250328103133.0
008 - FIXED-LENGTH DATA ELEMENTS
- fixed length control field: 250328|| aca||aabn | a|a d
040 ## - CATALOGING SOURCE
- Original cataloging agency: OSt
- Transcribing agency: OSt
100 ## - HEADING--PERSONAL NAME
- Personal name: Benn, Aluf
670 ## - SOURCE DATA FOUND
- Source citation: Work cat.: (OSt)525903: Benn, Aluf , Israel’s self-destruction: Netanyahu, the Palestinians, and the price of neglect.
